Online
Catalog

Por qué maté a Bob Hope : (Record no. 7728)

MARC details
000 -CABECERA
campo de control de longitud fija 00788cam a2200217 a 4500
001 - NÚMERO DE CONTROL
campo de control 000007950
005 - FECHA Y HORA DE LA ÚLTIMA TRANSACCIÓN
campo de control 20200929154350.0
008 - DATOS DE LONGITUD FIJA--INFORMACIÓN GENERAL
campo de control de longitud fija 950112s1998 gt 000 1 spa
020 ## - NÚMERO INTERNACIONAL ESTÁNDAR DEL LIBRO
Número Internacional Estándar del Libro 9992200124
082 ## - NÚMERO DE LA CLASIFICACIÓN DECIMAL DEWEY
Número de clasificación G863.44
Número de documento/Ítem G964p
040 ## - FUENTE DE LA CATALOGACIÓN
Centro catalogador/agencia de origen DO-SdBNP
100 1# - ENTRADA PRINCIPAL--NOMBRE DE PERSONA
Nombre de persona Guinea Diez, Gerardo,
Fechas asociadas al nombre 1955-
9 (RLIN) 21758
245 10 - MENCIÓN DE TÍTULO
Título Por qué maté a Bob Hope :
Resto del título (o del tratado de las ausencias ) /
Mención de responsabilidad, etc. Gerardo Guinea Diez.
260 ## - PUBLICACIÓN, DISTRIBUCIÓN, ETC.
Lugar de publicación, distribución, etc. Guatemala :
Nombre del editor, distribuidor, etc. Biblioteca Nacional de Guatemala,
Fecha de publicación, distribución, etc. 1998.
300 ## - DESCRIPCIÓN FÍSICA
Extensión 105 p. ;
Dimensiones 21 cm.
490 1# - MENCIÓN DE SERIE
Mención de serie Narrativa Guatemalteca S. XX
-- Miguel Ángel Asturias
490 1# - MENCIÓN DE SERIE
Designación de volumen o secuencia no. 25
650 #4 - PUNTO DE ACCESO ADICIONAL DE MATERIA--TÉRMINO DE MATERIA
Término de materia o nombre geográfico como elemento de entrada Novela guatemalteca
9 (RLIN) 5392
650 #4 - PUNTO DE ACCESO ADICIONAL DE MATERIA--TÉRMINO DE MATERIA
Término de materia o nombre geográfico como elemento de entrada Literatura guatemalteca
9 (RLIN) 5393
830 #0 - PUNTO DE ACCESO ADICIONAL DE SERIE-TÍTULO UNIFORME
Título uniforme Narrativa Guatemalteca S. XX
Nombre de parte o sección de la obra Miguel Ángel Asturias
Designación de volumen o secuencia no. 25
Nombre de parte o sección de la obra Miguel Ángel Asturias ;
9 (RLIN) 21759
Holdings
Estado de retiro Estado de pérdida Restricciones de uso No para préstamo Código de colección Localización permanente Ubicación/localización actual Ubicación en estantería Fecha de adquisición Número de inventario Total de préstamos Signatura topográfica completa Código de barras Fecha visto por última vez Precio válido a partir de Tipo de ítem Koha Número de copia
      Excluido de préstamo Monografías: Libros y Folletos General General Depósito 11.09.2009 LF1   G863.44 G964p 7950-10 25.06.2020 25.06.2020 No se presta  
  Extraviado   Excluido de préstamo Monografías: Libros y Folletos General General Extraviado 05.04.2017 LF1   G863.44 G964p 7950-20 25.06.2020 25.06.2020 No se presta e. 2

Powered by Koha